1860 1768 1593 1721 1664 1115 1661 1785 1957 1157 1922 1455 1509 1126 1070 1426 1636 1261 1066 1266 1634 1482 1043 1693 1613 1291 1866 1429 1536 1587 1350 1536 1206 1214 1779 1004 1863 1708 1753 1907 1250 1901 1944 1491 1886 1085 1090 1221 1418 1570 1917 1610 1059 1685 1719 1178 1789 1084 1408 1211 1653 1528 1919 1039 1184 1533 1183 1880 1461 1055 1155 1148 1313 1676 1809 1014 1184 1204 1292 1439 1853 1578 1115 1278 1021 1757 1569 1120 1137 1603 1684 1407 1161 1971 1855 1931 1382 1743 1967 BCNSPRNW ULIB Ver.6.0+V

เปลี่ยนเป็นภาษาไทย

Change to English
 แสดงรายละเอียดบรรณานุกรม
  กลับหน้าหลัก

Brief Record : Get Marc (ISO 2709) : E-mail record : QR code < ปิดหน้าต่าง
LEADER : 00000nam 2200000uu 4500
001    13399124409
003     ULIB
008    150622s2549||||th 000 0 tha d
020    ^a9747547023
090    ^aนว^bว637
100 0  ^aวินิตา ดิถียนต์
245 10 ^aเหลี่ยมดาริกา /^cว. วินิจฉัยกุล.
260    ^aกรุงเทพฯ :^bทรีบีส์,^c2549.
300    ^a503 หน้า ;^c21 ซม.
650  7 ^aนวนิยายไทย
945    ^p380^l0^i039524
999    ^aเกษร โพธิ์สุวรรณ
รายการนี้ยังไม่มีแท็ก
คุณยังไม่ได้ล็อกอิน คุณสามารถมีกิจกรรมร่วมกับเว็บไซต์ได้ แต่ต้องล็อกอินก่อน ::
  ล็อกอิน

รายการสื่อสารสนเทศ

ลำดับที่ ประเภท เลขเรียก/บาร์โค้ด สถานที่ สถานะ
1. นวนิยาย
นวนิยาย
นว ว637 ฉ.1 
  Barcode: 039524
ห้องสมุดวิทยาเขตสวรรค์ประชารักษ์
►นวนิยาย
บนชั้น
  ขอยืม
Note:อภินันทนาการโดย อาจารย์จุฑารัตน์ สว่างชัย

รายการใกล้เคียง
    ผู้แต่ง [วินิตา ดิถียนต์]

    หัวเรื่อง [นวนิยายไทย]

BibComment


ยังไม่เคยถูกคอมเมนท์

คอมเมนท์ทรัพยากรรายการนี้
  คอมเมนท์: เหลี่ยมดาริกา ว..


 Copyright 2026. Bcnsprnw @Library